Paroles : Tombé - M. Pokora - Statistiques

Statistiques générales
  • Ce quiz a été pris 350 fois
  • Le résultat moyen est 264 sur 334
Statistiques - réponses
Paroles % Correct
à
97%
Je
97%
tombé,
97%
tombé
97%
ma
96%
suis
95%
tu
94%
Tu
94%
en
92%
gagné
91%
reine
91%
as
90%
fou,
90%
fou
90%
bravo
89%
un
88%
le
86%
qu'un
86%
enfermer
85%
touché,
81%
de
79%
De
79%
la
78%
78%
ce
76%
jamais
76%
Ne
76%
Si
76%
se
75%
Dans
71%
dans
71%
On
71%
c'est
70%
C'est
70%
du
68%
Mais
68%
sûr
68%
sur
68%
ta
68%
j'suis
67%
pas
65%
t'oublies
64%
Tout
64%
vie
64%
Comme
63%
jeu
63%
Nos
63%
nos
63%
perdra,
63%
perdra
63%
bar
62%
fond
62%
Les
62%
nous,
62%
pour
62%
d'enfant
61%
dit
61%
qu'on
61%
s'est
61%
longtemps
60%
temps
60%
non
59%
Non
59%
peur
59%
avec
57%
côté
57%
est
57%
N'est
57%
retrouvera,
57%
Il
56%
jeux
55%
plus
55%
premiers
54%
regards
54%
t'as
54%
veut
53%
fini,
52%
jouer
51%
d'antan
50%
ça
49%
promesse
49%
bonheur
48%
doutes
46%
fais
46%
moi
46%
route
46%
d'mon
44%
tendresse
44%
J'te
43%
donnera,
42%
mots,
42%
ira
40%
verras,
40%
confiance
38%
douleur
37%
garder
35%
d'enfants
33%
J'prendrai
30%
Aies
23%
Aucun quiz correspondant
Distribution des résultats
% des personnes avec chaque résultat
Percentile par nombre de réponses
Votre historique - résultats
Vous n’avez pas pris ce quiz